000 00452nam a2200205Ia 4500
001 110714
003 YMCAF
005 20230512162425.0
008 100717s2003 ||||||||||||||||| ||und|d
024 _a110714
035 _aWB1701
040 _aYMCAF
_beng
_cIN-KoLT
041 _aeng
082 _a621.382
_b2 VEN
100 _aVenkataramani, B
245 0 _aDigital signal processing
260 _bTMH
_c2003
300 _a413
942 _2ddc
_cBK
999 _c11964
_d11964